00838nam a22002417a 4500003000500000005001700005008004100022010001000063011001000073035001100083040000900094082002200103100002600125245012200151260013300273300002800406650002300434650002700457650003100484650002800515650002900543700002400572CHAP20220817044315.0091217s2007 mx a r 00010 spa d a97252 a98224 a108908 cCHAP04a344.0402646bUl461 aUlloa Padilla, Odilia10aNueva ley del ISSSTE :bla reforma estructural del consenso dominantec/por Odilia Ulloa Padilla y Miguel Alonso Raya aMéxico, D.F. :bGrupo Parlamentario del PRD en la LX Legislatura de la Cámara de Diputados del Congreso de la Unión,c2007 a86 p. :bilus., cuadros14aPolítica social.14aPolítica y gobierno.14aReformas constitucionales.14aSalud públicaxLeyes.14aSeguridad socialxLeyes.1 aAlonso Raya, Miguel